00878nab a2200265 uc450000100070000000500170000700800410002403500110006503500210007604000130009704100080011010000440011824500380016265000210020065000290022165000390025065000350028965000320032465000370035665000520039370000380044577301000048394200100058399900190059370629120250225090701.0011121e19871201 fre  a706291 a(OCoLC)819923553 ccomduadb afre10aMoutsopoulou, Eugenie4auteaut934825513aLa formation a l'heur de l'Europe aEducation975556 7aEducación2embne94652 aDiffusion des connaissances986201 aDiffusion de la culture987749 aPromoción cultural924417 aDifusion de l'information989390 7aDiseminación de la información2lemb92621810aMalbosc, Gerard4auteaut95213640 tLe Francais dans le Monde (France)gNo. 213, Nov.-Dec. 1987, p. 26-29w179704x0015-9395082669 cARIMP c222992d222992